Exteriorización de la información contable patrimonial y de gestión del impacto de las industrias pasteras (Registro nro. 16895)

Detalles MARC
000 -LEADER
fixed length control field 00502 a2200133 4500
001 - CONTROL NUMBER
control field ART_7550
005 - DATE AND TIME OF LATEST TRANSACTION
control field 20260410161720.0
008 - FIXED-LENGTH DATA ELEMENTS--GENERAL INFORMATION
fixed length control field 260409a
100 1# - MAIN ENTRY--PERSONAL NAME
Personal name Fronti de García, Luisa
245 10 - TITLE STATEMENT
Title Exteriorización de la información contable patrimonial y de gestión del impacto de las industrias pasteras
700 1# - ADDED ENTRY--PERSONAL NAME
Personal name Pahlen Acuña, Ricardo Jose María
700 1# - ADDED ENTRY--PERSONAL NAME
Personal name D´Onofrio, Paula Alejandra
773 0# - HOST ITEM ENTRY
Title Contabilidad y auditoría
Related parts - Año 13, Nº 26 (dic. 2007)
Record control number REV1723

No hay ítems disponibles.